000 00379nam a22001337a 4500
005 20171002123904.0
008 171002b xxu||||| |||| 00| 0 eng d
040 _cPK-LaUMT
082 _aPKAC 297.09
_bMUS-
245 _aMusalman ulema ki bein ul aqwami conference/
260 _aاسلام آباد:
_bپاکستان قومی ھجرہ ،
_c1981
300 _a720 ص
942 _cBK
999 _c98674
_d98674